TOPLEY & WILSON : MICROBIOLOGY & MICROBIAL INFECTIONS : BACTERIOLOGY VOL 1 / (Record no. 795441)

MARC details
000 -LEADER
fixed length control field 00569pam a2200193 a 4500
020 ## - INTERNATIONAL STANDARD BOOK NUMBER
International Standard Book Number 0340885645
Terms of availability 10248.50
041 ## - LANGUAGE CODE
Language code of text/sound track or separate title eng
Language code of original NULL
082 ## - DEWEY DECIMAL CLASSIFICATION NUMBER
Classification number 616.014
Item number BOR/MUR/FU
100 ## - MAIN ENTRY--PERSONAL NAME
Personal name BORRIELLO, S .
245 ## - TITLE STATEMENT
Title TOPLEY & WILSON : MICROBIOLOGY & MICROBIAL INFECTIONS : BACTERIOLOGY VOL 1 /
Statement of responsibility, etc. NULL.
Medium Textual Documents
250 ## - EDITION STATEMENT
Edition statement 10 /
Remainder of edition statement .
260 ## - PUBLICATION, DISTRIBUTION, ETC.
Place of publication, distribution, etc. NULL :
Name of publisher, distributor, etc. HODDER ARNOLD ,
Date of publication, distribution, etc. 2005.
300 ## - PHYSICAL DESCRIPTION
Extent 897 :
Other physical details xxvi ;
Dimensions NULL .
365 ## - TRADE PRICE
Price type code 10248.50
650 ## - SUBJECT ADDED ENTRY--TOPICAL TERM
Topical term or geographic name entry element MICROBIOLOGY
700 ## - ADDED ENTRY--PERSONAL NAME
Personal name MURRY, P .
-- FUNKE, G .
930 ## - EQUIVALENCE OR CROSS-REFERENCE-UNIFORM TITLE HEADING [LOCAL, CANADA]
Uniform title 905
Holdings
Withdrawn status Lost status Damaged status Not for loan Home library Current library Date acquired Cost, normal purchase price Total Checkouts Full call number Barcode Date due Date last seen Date last checked out Copy number Price effective from Koha item type
        Medical College & Hospital, Sangli Medical College & Hospital, Sangli 28/11/2011 10248.50 1 616.014 BOR/MUR/FU MCS-2833 01/10/2043 06/10/2023 06/10/2023 1 26/07/2023 Book